Enviromental & early cognitive development / (Record no. 141648)

MARC details
000 -LEADER
fixed length control field 00563nam a22001937a 4500
005 - DATE AND TIME OF LATEST TRANSACTION
control field 20170621122054.0
010 ## - LCCN (DPL NO)
LC control number ENG-118835
020 ## - INTERNATIONAL STANDARD BOOK NUMBER
International Standard Book Number 8190205412
Terms of availability 200.00
035 ## - SYSTEM CONTROL NUMBER
System control number EN-102367
037 ## - SOURCE OF ACQUISITION
Source of stock number/acquisition DBAD/PUB
082 ## - DEWEY DECIMAL CLASSIFICATION NUMBER
Classification number 155.413
100 ## - MAIN ENTRY--PERSONAL NAME
Personal name Singh, Vandana
245 ## - TITLE STATEMENT
Title Enviromental & early cognitive development /
Statement of responsibility, etc by Vandana Singh
260 ## - PUBLICATION, DISTRIBUTION, ETC. (IMPRINT)
Place of publication, distribution, etc Jaipur
Name of publisher, distributor, etc Narayan Prakashan
Date of publication, distribution, etc 2017
270 ## - ADDRESS
Address Chaura Rasta, Jaipur
300 ## - PHYSICAL DESCRIPTION
Extent viii,104
Dimensions 22cm.(Hb)
500 ## - GENERAL NOTE
General note Includes bibliographical refrence
942 ## - ADDED ENTRY ELEMENTS (KOHA)
Source of classification or shelving scheme Dewey Decimal Classification
Item type English Books
Classification part 155.413
Call number suffix SIN
Holdings
Withdrawn status Lost status Not for loan Collection code Home library Current library Date acquired Source of acquisition Cost, normal purchase price Full call number Barcode Copy number Cost, replacement price Koha item type
    Not For Loan Non-fiction D.B.Act.Division Bawana 21/06/2017 DBAD/PUB 200.00 155.413 SIN EN-102367 1 200.00 English Books

© Delhi Public Library
Hit Counter
free hit counter